[Event "EU-ch rapid"]
[Site "Katowice"]
[Date "2017.12.16"]
[Round "1"]
[White "Zhigalko, Sergei"]
[Black "Biegalski, Arkadiusz"]
[Result "1-0"]
[WhiteElo "2641"]
[BlackElo "1713"]
[PlyCount "51"]
[EventDate "2017.12.16"]
[EventType "swiss (rapid)"]
[EventRounds "11"]
[EventCountry "POL"]
[SourceTitle "CBM 182 Extra"]
[Source "ChessBase"]
[SourceDate "2018.02.23"]
[SourceVersion "1"]
[SourceVersionDate "2018.02.23"]
[SourceQuality "1"]

1. e4 c5 2. Nf3 d6 3. d4 cxd4 4. Qxd4 Nc6 5. Bb5 Bd7 6. Bxc6 Bxc6 7. Nc3 Nf6 8. Bg5 e5 9. Qd3 Qb6 10. Bxf6 gxf6 11. O-O O-O-O 12. Nd5 Bxd5 13. Qxd5 Rd7 14. b3 Qc6 15. Rfd1 Qxd5 16. Rxd5 Be7 17. Nh4 Rhd8 18. Nf5 Bf8 19. Rad1 Kc7 20. R1d3 Be7 21. Rc3+ Kb8 22. Rh3 Rc8 23. c4 Rc5 24. Rxh7 Rxd5 25. exd5 Bd8 26. h4 1-0

[Event "EU-ch rapid"]
[Site "Katowice"]
[Date "2017.12.16"]
[Round "2"]
[White "Pakosta, Miroslav"]
[Black "Zhigalko, Sergei"]
[Result "0-1"]
[WhiteElo "2158"]
[BlackElo "2641"]
[PlyCount "100"]
[EventDate "2017.12.16"]
[EventType "swiss (rapid)"]
[EventRounds "11"]
[EventCountry "POL"]
[SourceTitle "CBM 182 Extra"]
[Source "ChessBase"]
[SourceDate "2018.02.23"]
[SourceVersion "1"]
[SourceVersionDate "2018.02.23"]
[SourceQuality "1"]

1. e4 c5 2. c3 Nf6 3. e5 Nd5 4. d4 cxd4 5. Nf3 Nc6 6. cxd4 d6 7. Nc3 dxe5 8. Nxe5 Nxc3 9. Nxc6 Nxd1 10. Nxd8 Kxd8 11. Kxd1 e6 12. Bd3 Bd6 13. Be3 Bd7 14. Be4 f5 15. Bf3 h6 16. h4 Rc8 17. Rc1 Ke7 18. b3 b6 19. g3 Rhd8 20. Bb7 Rb8 21. Bg2 a5 22. f4 a4 23. Ke2 Ba3 24. Rc2 Rbc8 25. Rxc8 Rxc8 26. Rd1 Rc2+ 27. Rd2 axb3 28. axb3 Rc3 29. Ra2 Rxb3 30. d5 Bc5 31. Bxc5+ bxc5 32. dxe6 Bb5+ 33. Kf2 Kxe6 34. Rd2 Bd3 35. Bf3 c4 36. Bd1 Ra3 37. Rb2 c3 38. Rb6+ Kd5 39. Bf3+ Be4 40. Bxe4+ fxe4 41. Rb8 Ra6 42. Ke2 Rc6 43. Kd1 c2+ 44. Kc1 e3 45. Re8 Kd4 46. f5 h5 47. Re7 Kd3 48. Rxg7 e2 49. Re7 e1=Q+ 50. Rxe1 Rb6 0-1

[Event "EU-ch rapid"]
[Site "Katowice"]
[Date "2017.12.16"]
[Round "3"]
[White "Zhigalko, Sergei"]
[Black "Shubin, Kirill"]
[Result "1-0"]
[WhiteElo "2641"]
[BlackElo "2287"]
[PlyCount "125"]
[EventDate "2017.12.16"]
[EventType "swiss (rapid)"]
[EventRounds "11"]
[EventCountry "POL"]
[SourceTitle "CBM 182 Extra"]
[Source "ChessBase"]
[SourceDate "2018.02.23"]
[SourceVersion "1"]
[SourceVersionDate "2018.02.23"]
[SourceQuality "1"]

1. e4 e6 2. d4 d5 3. e5 c5 4. c3 Qa5 5. Nf3 Nc6 6. dxc5 Qc7 7. b4 Nxe5 8. Bb5+ Bd7 9. Bxd7+ Nxd7 10. Nd4 a6 11. O-O Ngf6 12. Re1 Be7 13. Qf3 O-O 14. Bf4 e5 15. Nf5 Rfe8 16. Bg3 Bf8 17. Nd2 g6 18. Ne3 Qc6 19. c4 d4 20. Nd5 Bg7 21. Rad1 Re6 22. Qb3 Rae8 23. Nf3 h6 24. h3 Kh7 25. a3 a5 26. Bh2 a4 27. Qa2 Ng8 28. Qc2 d3 29. Qc1 e4 30. Nc7 R8e7 31. Nxe6 Rxe6 32. Nd2 f5 33. Nf1 Bd4 34. Bf4 Re8 35. Rxd3 exd3 36. Rxe8 Ndf6 37. Rd8 Nd7 38. Qd2 Bf6 39. Rxg8 Kxg8 40. Qxd3 Kg7 41. Ne3 Bb2 42. Qd2 Ba1 43. Bxh6+ Kh7 44. Nd5 Ne5 45. Nb6 Qe6 46. Qe3 Qf7 47. Bf4 Nxc4 48. Nxc4 Qxc4 49. Qe7+ Kg8 50. Qe8+ Kh7 51. Qd7+ Kg8 52. Qc8+ Kh7 53. Qxb7+ Kg8 54. Qc8+ Kh7 55. Qd7+ Kg8 56. Qe8+ Kh7 57. Qe7+ Kg8 58. Be5 Qc1+ 59. Kh2 Bxe5+ 60. Qxe5 Qxa3 61. c6 Qc1 62. c7 Kh7 63. Qc5 1-0

[Event "EU-ch rapid"]
[Site "Katowice"]
[Date "2017.12.16"]
[Round "4"]
[White "Jahncke, Giso"]
[Black "Zhigalko, Sergei"]
[Result "0-1"]
[WhiteElo "2403"]
[BlackElo "2641"]
[PlyCount "160"]
[EventDate "2017.12.16"]
[EventType "swiss (rapid)"]
[EventRounds "11"]
[EventCountry "POL"]
[SourceTitle "CBM 182 Extra"]
[Source "ChessBase"]
[SourceDate "2018.02.23"]
[SourceVersion "1"]
[SourceVersionDate "2018.02.23"]
[SourceQuality "1"]

1. Nf3 d5 2. g3 c6 3. Bg2 Bg4 4. O-O e6 5. d3 Bd6 6. Nbd2 Ne7 7. h3 Bh5 8. e4 O-O 9. Qe1 c5 10. c3 Nd7 11. a4 Re8 12. b3 Nc6 13. Bb2 Qb6 14. g4 Bg6 15. Qb1 Bf4 16. Qc2 Rad8 17. Rad1 Nde5 18. Nxe5 Nxe5 19. Nf3 Nxf3+ 20. Bxf3 Bb8 21. Bg2 h5 22. Bc1 hxg4 23. hxg4 f6 24. Be3 d4 25. Bd2 dxc3 26. Bxc3 Bf4 27. Bd2 Bxd2 28. Rxd2 e5 29. Rc1 Rc8 30. Bh3 Rc7 31. Qc3 a5 32. Kg2 Bf7 33. Rb2 Qb4 34. Qxb4 axb4 35. g5 fxg5 36. Kf3 Rf8 37. Ke3 Bh5 38. Be6+ Kh7 39. Rf1 Rf3+ 40. Kd2 b6 41. Bc4 Rc6 42. Ke1 Rd6 43. Rh1 Kg6 44. d4 Rxd4 45. Be2 Rxe4 46. Kf1 Rxe2 47. Rxe2 Rxb3 48. Rxe5 Bf3 49. Rh8 Rb1+ 50. Re1 Bg2+ 51. Ke2 Rb2+ 52. Ke3 Rb3+ 53. Kd2 Rb2+ 54. Ke3 Ra2 55. Rb8 Rxa4 56. Rxb6+ Kf5 57. Rc1 Ra3+ 58. Kd2 Ra2+ 59. Ke3 Ra3+ 60. Kd2 Ra5 61. Ke3 Bd5 62. Rb8 g4 63. Rf8+ Ke5 64. Re8+ Be6 65. f4+ gxf3 66. Kxf3 Kf6 67. Rb8 b3 68. Rb6 Kf7 69. Rb7+ Kf6 70. Rb6 Kf5 71. Ke3 c4 72. Rf1+ Ke5 73. Kd2 Ra2+ 74. Kc3 Rc2+ 75. Kb4 Bd5 76. Kc5 b2 77. Rf8 Be4 78. Rbb8 Bf5 79. Rfe8+ Kf4 80. Re1 Rc1 0-1

[Event "EU-ch rapid"]
[Site "Katowice"]
[Date "2017.12.16"]
[Round "5"]
[White "Zhigalko, Sergei"]
[Black "Vavulin, Maksim"]
[Result "1-0"]
[WhiteElo "2641"]
[BlackElo "2575"]
[PlyCount "149"]
[EventDate "2017.12.16"]
[EventType "swiss (rapid)"]
[EventRounds "11"]
[EventCountry "POL"]
[SourceTitle "CBM 182 Extra"]
[Source "ChessBase"]
[SourceDate "2018.02.23"]
[SourceVersion "1"]
[SourceVersionDate "2018.02.23"]
[SourceQuality "1"]

1. e4 e5 2. Nf3 Nc6 3. Bb5 a6 4. Ba4 d6 5. O-O Bd7 6. c3 g6 7. d4 Bg7 8. Bg5 f6 9. Be3 Nh6 10. dxe5 dxe5 11. Bb3 Qe7 12. Bd5 Ng4 13. Bc1 f5 14. b4 Nf6 15. Bg5 h6 16. Bxf6 Bxf6 17. Nbd2 f4 18. Nb3 Nd8 19. Nc5 Bc8 20. Nd2 Rb8 21. Qe2 Kf8 22. a4 Kg7 23. a5 h5 24. Rfd1 g5 25. Nf1 g4 26. Rd3 Kg6 27. Qa2 Rf8 28. Rad1 Nf7 29. Be6 Nd6 30. Bxc8 Rfxc8 31. Nd2 Re8 32. Qb3 Rbd8 33. Nc4 Bh4 34. Rd5 Bf6 35. R5d3 Bh4 36. Nxd6 cxd6 37. Na4 Qc7 38. c4 Qc6 39. Nc3 Qc7 40. Nd5 Qc6 41. Rc3 Rc8 42. c5 dxc5 43. Rxc5 Qe6 44. Nxf4+ exf4 45. Qxe6+ Rxe6 46. Rxc8 Rxe4 47. Rd6+ Kf7 48. Rc7+ Ke8 49. Kf1 Be7 50. Rh6 Kd8 51. Rxb7 Kc8 52. Rxe7 Rxe7 53. Rxa6 Re4 54. Rb6 Kc7 55. f3 Re3 56. Rf6 gxf3 57. Rxf4 fxg2+ 58. Kxg2 Rb3 59. h4 Kc6 60. Rf6+ Kd5 61. Rb6 Ke4 62. a6 Rb2+ 63. Kf1 Rb1+ 64. Ke2 Rb2+ 65. Kd1 Kd3 66. Kc1 Kc3 67. Rc6+ Kb3 68. b5 Ra2 69. Kd1 Kb4 70. b6 Rxa6 71. b7 Rxc6 72. b8=Q+ Kc4 73. Qg8+ Kb5 74. Qe8 Kb6 75. Qxh5 1-0

[Event "EU-ch rapid"]
[Site "Katowice"]
[Date "2017.12.16"]
[Round "6"]
[White "Moranda, Wojciech"]
[Black "Zhigalko, Sergei"]
[Result "1/2-1/2"]
[WhiteElo "2593"]
[BlackElo "2641"]
[PlyCount "56"]
[EventDate "2017.12.16"]
[EventType "swiss (rapid)"]
[EventRounds "11"]
[EventCountry "POL"]
[SourceTitle "CBM 182 Extra"]
[Source "ChessBase"]
[SourceDate "2018.02.23"]
[SourceVersion "1"]
[SourceVersionDate "2018.02.23"]
[SourceQuality "1"]

1. d4 Nf6 2. c4 e6 3. Nc3 Bb4 4. Nf3 b6 5. Bg5 h6 6. Bh4 g5 7. Bg3 Ne4 8. Qc2 Bb7 9. Nd2 Bxc3 10. bxc3 Nxg3 11. hxg3 d6 12. g4 Nd7 13. a4 a5 14. Ne4 Qe7 15. Ng3 c5 16. e3 O-O-O 17. f3 Kb8 18. Bd3 Ka7 19. Kf2 Rc8 20. Qb3 Ba6 21. Be2 Nf6 22. Rh2 Qc7 23. Rb1 Nd7 24. Rbh1 cxd4 25. exd4 Bxc4 26. Bxc4 Qxc4 27. Qxc4 Rxc4 28. Ne4 Rxa4 1/2-1/2

[Event "EU-ch rapid"]
[Site "Katowice"]
[Date "2017.12.17"]
[Round "7"]
[White "Zhigalko, Sergei"]
[Black "Plat, Vojtech"]
[Result "1/2-1/2"]
[WhiteElo "2641"]
[BlackElo "2567"]
[PlyCount "70"]
[EventDate "2017.12.16"]
[EventType "swiss (rapid)"]
[EventRounds "11"]
[EventCountry "POL"]
[SourceTitle "CBM 182 Extra"]
[Source "ChessBase"]
[SourceDate "2018.02.23"]
[SourceVersion "1"]
[SourceVersionDate "2018.02.23"]
[SourceQuality "1"]

1. e4 c5 2. Nf3 Nc6 3. c3 Nf6 4. e5 Nd5 5. Bc4 Nb6 6. Bb3 d6 7. exd6 c4 8. Bc2 Qxd6 9. O-O Bg4 10. Re1 g6 11. b3 Bg7 12. h3 Bxf3 13. Qxf3 O-O 14. Na3 cxb3 15. axb3 Qd7 16. Nc4 Nd5 17. Be4 Rad8 18. d4 f5 19. Bxd5+ Qxd5 20. Qxd5+ Rxd5 21. Bf4 b5 22. Na5 Nxa5 23. Rxa5 Bf6 24. Rxa7 Rc8 25. Re3 g5 26. Rg3 h6 27. h4 Kf7 28. hxg5 hxg5 29. Bxg5 Bxg5 30. Rxg5 Rxc3 31. g4 Rxb3 32. Rxf5+ Rxf5 33. gxf5 Rf3 34. Kf1 Rf4 35. Rb7 Rxd4 1/2-1/2

[Event "EU-ch rapid"]
[Site "Katowice"]
[Date "2017.12.17"]
[Round "8"]
[White "Miezis, Normunds"]
[Black "Zhigalko, Sergei"]
[Result "1/2-1/2"]
[WhiteElo "2434"]
[BlackElo "2641"]
[PlyCount "82"]
[EventDate "2017.12.16"]
[EventType "swiss (rapid)"]
[EventRounds "11"]
[EventCountry "POL"]
[SourceTitle "CBM 182 Extra"]
[Source "ChessBase"]
[SourceDate "2018.02.23"]
[SourceVersion "1"]
[SourceVersionDate "2018.02.23"]
[SourceQuality "1"]

1. c4 e5 2. g3 Nf6 3. Bg2 Nc6 4. Nc3 Bb4 5. e4 Bc5 6. h3 a6 7. Nge2 d6 8. d3 h6 9. O-O O-O 10. Kh2 Nd4 11. f4 c6 12. Nxd4 Bxd4 13. a4 Re8 14. Bd2 Rb8 15. b4 b5 16. axb5 axb5 17. cxb5 cxb5 18. Rc1 Bd7 19. Ne2 Bb6 20. Rc2 Ra8 21. Qc1 Qe7 22. Be3 Bxe3 23. Qxe3 Ra3 24. Nc3 Rb3 25. Rb1 Rxb1 26. Nxb1 d5 27. Rc5 exf4 28. gxf4 Bf5 29. e5 Nh5 30. Nc3 d4 31. Qxd4 Qh4 32. Ne2 Rd8 33. Rd5 Rxd5 34. Qxd5 Nxf4 35. Qa8+ Kh7 36. Qf3 Nxe2 37. Qxf5+ Kg8 38. Qc8+ Kh7 39. Qf5+ Kg8 40. Qc8+ Kh7 41. Qf5+ Kg8 1/2-1/2

[Event "EU-ch rapid"]
[Site "Katowice"]
[Date "2017.12.17"]
[Round "9"]
[White "Zhigalko, Sergei"]
[Black "Warakomski, Tomasz"]
[Result "1-0"]
[WhiteElo "2641"]
[BlackElo "2537"]
[PlyCount "63"]
[EventDate "2017.12.16"]
[EventType "swiss (rapid)"]
[EventRounds "11"]
[EventCountry "POL"]
[SourceTitle "CBM 182 Extra"]
[Source "ChessBase"]
[SourceDate "2018.02.23"]
[SourceVersion "1"]
[SourceVersionDate "2018.02.23"]
[SourceQuality "1"]

1. e4 c6 2. d4 d5 3. e5 c5 4. Nf3 Bg4 5. dxc5 e6 6. Be3 Nd7 7. c3 Ne7 8. Bb5 Nc6 9. b4 Qc7 10. Bd4 f6 11. exf6 gxf6 12. Nbd2 e5 13. Be3 O-O-O 14. Qa4 f5 15. h3 Bh5 16. Ng5 Re8 17. g4 f4 18. gxh5 fxe3 19. fxe3 e4 20. Nf7 Rg8 21. O-O-O Rg3 22. Rhe1 Kb8 23. Nb3 Rf3 24. Bxc6 bxc6 25. Nd6 Bxd6 26. cxd6 Qxd6 27. Nd4 Rf6 28. Rf1 Ne5 29. b5 Nd3+ 30. Kb1 Qh2 31. Qc2 Rxf1 32. Qxh2+ 1-0

[Event "EU-ch rapid"]
[Site "Katowice"]
[Date "2017.12.17"]
[Round "10"]
[White "Tari, Aryan"]
[Black "Zhigalko, Sergei"]
[Result "0-1"]
[WhiteElo "2593"]
[BlackElo "2641"]
[PlyCount "56"]
[EventDate "2017.12.16"]
[EventType "swiss (rapid)"]
[EventRounds "11"]
[EventCountry "POL"]
[SourceTitle "CBM 182 Extra"]
[Source "ChessBase"]
[SourceDate "2018.02.23"]
[SourceVersion "1"]
[SourceVersionDate "2018.02.23"]
[SourceQuality "1"]

1. e4 c5 2. Nf3 Nc6 3. d4 cxd4 4. Nxd4 Nf6 5. Nc3 e5 6. Ndb5 d6 7. Bg5 a6 8. Na3 b5 9. Bxf6 gxf6 10. Nd5 f5 11. Bd3 Be6 12. c3 Bg7 13. Nxb5 axb5 14. Bxb5 Bd7 15. exf5 O-O 16. O-O e4 17. a4 Re8 18. Qg4 Kh8 19. Qf4 Be5 20. Qh6 Rc8 21. f6 Rg8 22. Rae1 Rg6 23. Qh4 Rg4 24. Qh5 Bxf6 25. Qxf7 Be5 26. f4 exf3 27. Rxf3 Rg7 28. Qh5 Bg4 0-1

[Event "EU-ch rapid"]
[Site "Katowice"]
[Date "2017.12.17"]
[Round "11"]
[White "Potkin, Vladimir"]
[Black "Zhigalko, Sergei"]
[Result "0-1"]
[WhiteElo "2574"]
[BlackElo "2641"]
[PlyCount "84"]
[EventDate "2017.12.16"]
[EventType "swiss (rapid)"]
[EventRounds "11"]
[EventCountry "POL"]
[SourceTitle "CBM 182 Extra"]
[Source "ChessBase"]
[SourceDate "2018.02.23"]
[SourceVersion "1"]
[SourceVersionDate "2018.02.23"]
[SourceQuality "1"]

1. c4 e5 2. Nc3 Nf6 3. Nf3 Nc6 4. g3 Bb4 5. Bg2 O-O 6. O-O d6 7. d3 h6 8. Na4 Bc5 9. b3 Re8 10. Bb2 Bb6 11. a3 Bf5 12. Nxb6 axb6 13. Nh4 Bd7 14. b4 Rb8 15. b5 Ne7 16. f4 Ng6 17. Nxg6 fxg6 18. fxe5 dxe5 19. Qd2 Bf5 20. h3 Qd7 21. g4 Be4 22. Bxe4 Nxe4 23. Qe3 Nc5 24. Rf2 Re7 25. Bxe5 Qe6 26. d4 Nd7 27. Rc1 Rbe8 28. Rc3 Nxe5 29. Qxe5 Qxe5 30. dxe5 Rxe5 31. Kf1 g5 32. Ke1 Re3 33. Kd2 Rxc3 34. Kxc3 Re3+ 35. Kd4 Rxh3 36. e4 Rg3 37. e5 Rxg4+ 38. Kd5 Rf4 39. Rc2 g4 40. c5 bxc5 41. Rxc5 g3 42. Rc3 Rg4 0-1

[Event "Wch Blitz"]
[Site "Riadh"]
[Date "2017.12.30"]
[Round "17"]
[White "Zhigalko, Sergei"]
[Black "Akobian, Varuzhan"]
[Result "0-1"]
[WhiteElo "2641"]
[BlackElo "2647"]
[PlyCount "91"]
[EventDate "2017.12.29"]
[EventType "swiss (blitz)"]
[EventRounds "21"]
[EventCountry "SAU"]
[SourceTitle "CBM 182 Extra"]
[Source "ChessBase"]
[SourceDate "2018.02.23"]
[SourceVersion "1"]
[SourceVersionDate "2018.02.23"]
[SourceQuality "1"]

1. e4 e6 2. d4 d5 3. e5 c5 4. c3 Qb6 5. Nf3 Nc6 6. a3 c4 7. Nbd2 Na5 8. Be2 Bd7 9. O-O Ne7 10. Rb1 Qc7 11. Qe1 Nc8 12. Bd1 Nb6 13. h4 Be7 14. h5 h6 15. g3 Ba4 16. Bxa4+ Nxa4 17. Qd1 Qc6 18. Nh2 O-O-O 19. Re1 Kb8 20. Qf3 Rdf8 21. Ndf1 Nb3 22. Be3 a6 23. Kg2 Ka8 24. Qe2 Rhg8 25. Qc2 Rh8 26. Nf3 Nb6 27. g4 Rfg8 28. Ng3 g6 29. Rh1 gxh5 30. Rxh5 Rxg4 31. Rbh1 Na4 32. Rxh6 Rhg8 33. Rh7 Qe8 34. R1h5 R4g6 35. Bf4 Na1 36. Qb1 Nb3 37. Qc2 Rg4 38. Be3 f5 39. exf6 Bxf6 40. Nh2 R4g6 41. R5h6 e5 42. Rxg6 Rxg6 43. dxe5 Bxe5 44. Nhf1 Nac5 45. Qf5 Ne4 46. Qh5 0-1

[Event "BLR-ch 84th"]
[Site "Minsk"]
[Date "2018.01.19"]
[Round "2"]
[White "Zhigalko, Sergei"]
[Black "Nikitenko, Mihail"]
[Result "1/2-1/2"]
[WhiteElo "2620"]
[BlackElo "2361"]
[PlyCount "130"]
[EventDate "2018.01.18"]
[EventType "tourn"]
[EventRounds "11"]
[EventCountry "BLR"]
[EventCategory "10"]
[SourceTitle "CBM 182 Extra"]
[Source "ChessBase"]
[SourceDate "2018.02.23"]
[SourceVersion "1"]
[SourceVersionDate "2018.02.23"]
[SourceQuality "1"]

1. e4 e5 2. Nf3 Nc6 3. Bb5 a6 4. Ba4 Nf6 5. O-O Be7 6. Re1 b5 7. Bb3 d6 8. c3 O-O 9. h3 Bb7 10. d4 Nd7 11. a4 Na5 12. Bc2 c5 13. d5 Nb6 14. b4 cxb4 15. cxb4 Nac4 16. Nc3 bxa4 17. Nxa4 f5 18. exf5 Bxd5 19. Nxb6 Nxb6 20. Be3 Bb7 21. Bb3+ Kh8 22. Be6 e4 23. Nh2 d5 24. Ng4 Nc4 25. Bd4 Bxb4 26. Bxg7+ Kxg7 27. Qd4+ Rf6 28. Reb1 a5 29. Rxb4 axb4 30. Rxa8 Bxa8 31. Qa7+ Kh8 32. Nxf6 Qxf6 33. Qxa8+ Kg7 34. Qb7+ Kh6 35. Qxb4 e3 36. fxe3 Nxe3 37. Qf4+ Qg5 38. Qf3 d4 39. f6 Nxg2 40. Qxg2 Qxf6 41. Bg4 Qe5 42. Qc6+ Kg5 43. Kg2 h5 44. Bd1 h4 45. Qc1+ Kg6 46. Bg4 Qd5+ 47. Kf2 Qe5 48. Qc4 Kh6 49. Kf1 Kg7 50. Bf3 Kf6 51. Qg8 Qf4 52. Qf8+ Ke5 53. Qe7+ Kf5 54. Qd7+ Kf6 55. Qg4 Ke5 56. Kg2 Qg3+ 57. Kf1 Qf4 58. Qg7+ Kf5 59. Qd7+ Kf6 60. Qc6+ Ke5 61. Qc5+ Kf6 62. Qa3 Kg5 63. Qe7+ Kf5 64. Qd7+ Kf6 65. Qg4 Ke5 1/2-1/2

[Event "BLR-ch 84th"]
[Site "Minsk"]
[Date "2018.01.20"]
[Round "3"]
[White "Harshkou, Mikita"]
[Black "Zhigalko, Sergei"]
[Result "0-1"]
[WhiteElo "2359"]
[BlackElo "2620"]
[PlyCount "68"]
[EventDate "2018.01.18"]
[EventType "tourn"]
[EventRounds "11"]
[EventCountry "BLR"]
[EventCategory "10"]
[SourceTitle "CBM 182 Extra"]
[Source "ChessBase"]
[SourceDate "2018.02.23"]
[SourceVersion "1"]
[SourceVersionDate "2018.02.23"]
[SourceQuality "1"]

1. d4 Nf6 2. c4 e6 3. g3 c5 4. Nf3 Qa5+ 5. Bd2 Qb6 6. b4 cxb4 7. c5 Qc7 8. Bg2 b6 9. Bf4 Qb7 10. Nbd2 bxc5 11. Rc1 d5 12. dxc5 Nc6 13. O-O Be7 14. Nb3 O-O 15. Nbd4 Bd7 16. Nxc6 Bxc6 17. Ne5 Rfc8 18. Be3 Bb5 19. Qd2 a5 20. f4 Ne4 21. Bxe4 dxe4 22. Nc4 Bxc5 23. Bxc5 Rxc5 24. Ne5 Rd5 25. Qe3 f6 26. Ng4 Rad8 27. Qxe4 Qb6+ 28. Nf2 Rd2 29. Rfe1 Rxa2 30. e3 Rad2 31. Red1 Rxd1+ 32. Rxd1 Rxd1+ 33. Nxd1 Qc6 34. Qd4 Qd5 0-1

[Event "BLR-ch 84th"]
[Site "Minsk"]
[Date "2018.01.21"]
[Round "4"]
[White "Zhigalko, Sergei"]
[Black "Fedorov, Alexei"]
[Result "1/2-1/2"]
[WhiteElo "2620"]
[BlackElo "2572"]
[PlyCount "115"]
[EventDate "2018.01.18"]
[EventType "tourn"]
[EventRounds "11"]
[EventCountry "BLR"]
[EventCategory "10"]
[SourceTitle "CBM 182 Extra"]
[Source "ChessBase"]
[SourceDate "2018.02.23"]
[SourceVersion "1"]
[SourceVersionDate "2018.02.23"]
[SourceQuality "1"]

1. e4 c5 2. Nf3 e6 3. d4 cxd4 4. Nxd4 a6 5. Bd3 Nf6 6. O-O e5 7. Nb3 Nc6 8. c4 d6 9. Nc3 Be7 10. Be3 Ng4 11. Bd2 O-O 12. Be2 Nf6 13. Be3 a5 14. Nd2 Nd7 15. Bg4 Bg5 16. Re1 Bxe3 17. Rxe3 Nc5 18. Bxc8 Rxc8 19. Nf3 Rc7 20. Qd2 Rd7 21. Rd1 g6 22. Re2 f5 23. Qh6 Qf6 24. exf5 gxf5 25. Qxf6 Rxf6 26. Red2 e4 27. Nd4 Ne5 28. b3 Rg7 29. Nd5 Rff7 30. Nf4 Ncd3 31. Nxd3 Nxd3 32. Kf1 Rg6 33. Ne2 Rfg7 34. g3 h5 35. Nc1 Nxc1 36. Rxc1 h4 37. Ke2 f4 38. gxf4 Rf7 39. Ke3 Rg4 40. Rxd6 Rfxf4 41. Rf1 Rf3+ 42. Ke2 Rg2 43. Rd4 Rc3 44. Rxe4 Rc2+ 45. Kf3 Rxh2 46. Rf4 Rxa2 47. Rg1+ Kh7 48. Ke3 Rb2 49. Rf7+ Kh6 50. Rf6+ Kh7 51. Rf7+ Kh6 52. Rf6+ Kh7 53. Rb6 Rhxf2 54. Rxb7+ Kh6 55. Rb6+ Kh7 56. Rb7+ Kh6 57. Rb6+ Kh7 58. Rb7+ 1/2-1/2

[Event "BLR-ch 84th"]
[Site "Minsk"]
[Date "2018.01.22"]
[Round "5"]
[White "Kazakouski, Valery"]
[Black "Zhigalko, Sergei"]
[Result "1/2-1/2"]
[WhiteElo "2422"]
[BlackElo "2620"]
[PlyCount "63"]
[EventDate "2018.01.18"]
[EventType "tourn"]
[EventRounds "11"]
[EventCountry "BLR"]
[EventCategory "10"]
[SourceTitle "CBM 182 Extra"]
[Source "ChessBase"]
[SourceDate "2018.02.23"]
[SourceVersion "1"]
[SourceVersionDate "2018.02.23"]
[SourceQuality "1"]

1. d4 Nf6 2. Nf3 g6 3. c4 Bg7 4. g3 d5 5. cxd5 Nxd5 6. Bg2 Nb6 7. O-O Nc6 8. e3 O-O 9. Nc3 Re8 10. h3 e5 11. d5 Na5 12. e4 c6 13. b4 Nac4 14. dxc6 bxc6 15. Qc2 Qe7 16. Rb1 Be6 17. Rd1 Rab8 18. Ne1 Ra8 19. Nd3 a5 20. a3 axb4 21. axb4 Na3 22. Bxa3 Rxa3 23. Nc5 Bf8 24. Bf1 Qa7 25. Nxe6 Rxe6 26. Rb3 Rf6 27. Rd2 h5 28. h4 Bh6 29. Rd8+ Kg7 30. Nd1 Rxb3 31. Qxb3 Qe7 32. Rd3 1/2-1/2

[Event "BLR-ch 84th"]
[Site "Minsk"]
[Date "2018.01.23"]
[Round "6"]
[White "Zhigalko, Sergei"]
[Black "Aleksandrov, Aleksej"]
[Result "1/2-1/2"]
[WhiteElo "2620"]
[BlackElo "2589"]
[PlyCount "67"]
[EventDate "2018.01.18"]
[EventType "tourn"]
[EventRounds "11"]
[EventCountry "BLR"]
[EventCategory "10"]
[SourceTitle "CBM 182 Extra"]
[Source "ChessBase"]
[SourceDate "2018.02.23"]
[SourceVersion "1"]
[SourceVersionDate "2018.02.23"]
[SourceQuality "1"]

1. c4 e6 2. Nc3 d5 3. d4 Nf6 4. cxd5 Nxd5 5. e3 c5 6. Nf3 cxd4 7. exd4 Nxc3 8. bxc3 Qc7 9. Bd2 Bd6 10. Bd3 Nd7 11. O-O b6 12. Re1 Bb7 13. c4 O-O 14. h3 h6 15. Qe2 Rfe8 16. Bc3 Rac8 17. Rac1 Qb8 18. Nd2 Bf4 19. Rc2 e5 20. d5 e4 21. Qg4 Be5 22. Nxe4 Bxc3 23. Rxc3 Ne5 24. Qg3 Kh8 25. Bf1 f5 26. Nd6 Qxd6 27. Rce3 Qb4 28. Kh2 Bxd5 29. Rxe5 Rxe5 30. Rxe5 Bxc4 31. Bxc4 Qxc4 32. Re7 Qd4 33. Rxa7 Kh7 34. Qe3 1/2-1/2

[Event "BLR-ch 84th"]
[Site "Minsk"]
[Date "2018.01.24"]
[Round "7"]
[White "Stupak, Kirill"]
[Black "Zhigalko, Sergei"]
[Result "0-1"]
[WhiteElo "2565"]
[BlackElo "2620"]
[PlyCount "104"]
[EventDate "2018.01.18"]
[EventType "tourn"]
[EventRounds "11"]
[EventCountry "BLR"]
[EventCategory "10"]
[SourceTitle "CBM 182 Extra"]
[Source "ChessBase"]
[SourceDate "2018.02.23"]
[SourceVersion "1"]
[SourceVersionDate "2018.02.23"]
[SourceQuality "1"]

1. d4 Nf6 2. c4 c5 3. Nf3 cxd4 4. Nxd4 Nc6 5. Nc3 g6 6. g3 d6 7. Bg2 Bd7 8. O-O Bg7 9. b3 O-O 10. Bb2 Qa5 11. e3 Rac8 12. h3 a6 13. Rc1 Rfd8 14. Re1 e6 15. a3 Be8 16. Qe2 Qb6 17. Na4 Qc7 18. Nxc6 Bxc6 19. Bxc6 Qxc6 20. e4 Nd7 21. Bxg7 Kxg7 22. Qe3 h5 23. h4 Ne5 24. Kg2 b5 25. Nb2 Qb7 26. Nd3 Ng4 27. Qd2 Nf6 28. Qb2 bxc4 29. bxc4 Qxb2 30. Nxb2 Rb8 31. Rc2 Rb3 32. a4 Rdb8 33. Nd1 Ra3 34. e5 dxe5 35. Rxe5 Rxa4 36. c5 Nd5 37. Ree2 Rc8 38. Ne3 Rc6 39. Rc1 Nf6 40. Rec2 Ra5 41. Rc4 Nd7 42. Rd1 Ne5 43. Rb4 Rcxc5 44. Rb7 Ra2 45. Rd6 Ng4 46. Nxg4 hxg4 47. Rd4 Rf5 48. Rf4 Rxf4 49. gxf4 Ra3 50. Rc7 Rf3 51. Rc4 Kf6 52. Ra4 Kf5 0-1

[Event "BLR-ch 84th"]
[Site "Minsk"]
[Date "2018.01.25"]
[Round "8"]
[White "Zhigalko, Sergei"]
[Black "Meribanov, Vitaly"]
[Result "1-0"]
[WhiteElo "2620"]
[BlackElo "2396"]
[PlyCount "81"]
[EventDate "2018.01.18"]
[EventType "tourn"]
[EventRounds "11"]
[EventCountry "BLR"]
[EventCategory "10"]
[SourceTitle "CBM 182 Extra"]
[Source "ChessBase"]
[SourceDate "2018.02.23"]
[SourceVersion "1"]
[SourceVersionDate "2018.02.23"]
[SourceQuality "1"]

1. e4 c5 2. Nf3 Nc6 3. Bb5 g6 4. Bxc6 bxc6 5. O-O Bg7 6. Re1 Nh6 7. c3 O-O 8. h3 f5 9. e5 Nf7 10. d3 d6 11. Bf4 Ba6 12. Nbd2 Bxd3 13. e6 Ne5 14. Nxe5 dxe5 15. Bxe5 Bxe5 16. Rxe5 c4 17. Qe1 Qb6 18. b4 a5 19. a3 axb4 20. axb4 Rfd8 21. Rea5 Rxa5 22. Rxa5 Qc7 23. Nf3 Be4 24. Nd4 Rd5 25. Ra8+ Kg7 26. f3 Bd3 27. Re8 g5 28. Qa1 Qb7 29. Ra8 Qc7 30. Qa7 Qd6 31. Re8 Kf6 32. Rf8+ Kg6 33. Rg8+ Kf6 34. Rf8+ Kg6 35. Nxc6 Qxc6 36. Qxe7 f4 37. Kh2 Kh5 38. Rh8 Kh6 39. Qf8+ Kh5 40. Qf7+ Kh6 41. e7 1-0

[Event "BLR-ch 84th"]
[Site "Minsk"]
[Date "2018.01.27"]
[Round "10"]
[White "Kovalev, Vladislav"]
[Black "Zhigalko, Sergei"]
[Result "1/2-1/2"]
[WhiteElo "2639"]
[BlackElo "2620"]
[PlyCount "61"]
[EventDate "2018.01.18"]
[EventType "tourn"]
[EventRounds "11"]
[EventCountry "BLR"]
[EventCategory "10"]
[SourceTitle "CBM 182 Extra"]
[Source "ChessBase"]
[SourceDate "2018.02.23"]
[SourceVersion "1"]
[SourceVersionDate "2018.02.23"]
[SourceQuality "1"]

1. e4 c5 2. Nf3 Nc6 3. d4 cxd4 4. Nxd4 Nf6 5. Nc3 e5 6. Ndb5 d6 7. Bg5 a6 8. Na3 b5 9. Nd5 Be7 10. Bxf6 Bxf6 11. c3 Bg5 12. Nc2 Ne7 13. h4 Bh6 14. a4 bxa4 15. Ncb4 O-O 16. Qxa4 a5 17. Bb5 Nxd5 18. Nxd5 Be6 19. Bc6 Rb8 20. b4 axb4 21. cxb4 Kh8 22. b5 Bxd5 23. Bxd5 Qb6 24. Bc6 Be3 25. fxe3 Qxe3+ 26. Kd1 Qd3+ 27. Kc1 Qc3+ 28. Kd1 Qd3+ 29. Ke1 Qe3+ 30. Kd1 Qd3+ 31. Ke1 1/2-1/2